| 000 | 01165nas a2200373 4500 | ||
|---|---|---|---|
| 001 | BR0204218 | ||
| 003 | BR-BrBNA | ||
| 005 | 20231205103210.0 | ||
| 007 | ta | ||
| 008 | 230509b bl.|||p| |||| 00| 00por d | ||
| 040 |
_aBR-BrBNA _bpor _cBiblioteca Nacional de Agricultura |
||
| 041 | _a(Pt) | ||
| 072 | _aE16 | ||
| 100 | 1 | _aPessoa, M.C.P.Y. | |
| 100 | 1 | _aSilva, A. de S. | |
| 100 | 1 | _aChaim, A. | |
| 100 | 1 | _aFerracini, V.L. | |
| 100 | 1 | _aSilva, C.M.M. de S. | |
| 100 | 1 | _aHermes, L.C. | |
| 100 | 1 | _aSá, L.A.N. | |
| 100 | 1 | _aRodrigues, G.S. | |
| 245 | 1 | _aAvaliação da qualidade ambiental em sistemas de produção integrada de frutas: experiência prática na produção e subsídio à certificação | |
| 650 | _aMANGA | ||
| 650 | _aUVA | ||
| 650 | _aSISTEMA DE PRODUÇÃO | ||
| 650 | _aIMPACTO AMBIENTAL | ||
| 650 | _aQUALIDADE | ||
| 650 | _aBIOTA | ||
| 650 | _aAPPCC | ||
| 650 | _aFRUTICULTURA | ||
| 773 | 0 |
_tInforme Agropecuário - Empresa de Pesquisa Agropecuária de Minas Gerais (Brazil) _xISSN 0100-3364 _g(Nov-Dec 2001), v. 22(213) p. 46-56 _wBR0204218 |
|
| 909 |
_a202311 _bLúcia _c55 _dLúcia Elande |
||
| 942 |
_2AGRIS _n0 _cANA |
||
| 999 |
_c171616 _d171616 |
||